| 000 | 00359nam a2200145Ia 4500 | ||
|---|---|---|---|
| 008 | 150201s2010 xx 000 0 und d | ||
| 082 |
_a617.6 _bO2010G |
||
| 100 | _aGHOM,A.G | ||
| 245 | _aTEXT BOOK OF ORAL MEDICINE | ||
| 250 | _a2ND | ||
| 260 |
_bJAYPEE MEDICAL PUBLISHER _aDELHI _c2010 |
||
| 300 | _a1-1164 | ||
| 650 | _aORAL MEDICINE | ||
| 942 |
_2ddc _cBK _013 |
||
| 999 |
_c4539 _d4539 |
||